Statistics for Köppen Climate (-3°C isotherm)

Click here to take the quiz!

General Stats

  • This quiz has been taken 16 times
  • The average score is 9 of 15

Answer Stats

QuestionAnswer% Correct
SingaporeAf
100%
CairoBWh
91%
Mexico CityCwb
91%
LondonCfb
73%
VladivostokDwb
73%
SydneyCfa
64%
ChicagoDfa
64%
YakutskDfd
64%
IrkutskDwc
64%
Amudsen-Scott Research StationEF
64%
La RincodanaET
36%
LafotenCfc
27%
DushanbeCsa
27%
BatmanDsa
27%
KolkataCwa
18%

Score Distribution

Percentile by Number Answered

Percent of People with Each Score

Your Score History

You have not taken this quiz